Statistics for 10 Longest Words

Click here to take the quiz!

General Stats

  • This quiz has been taken 8 times
  • The average score is 4 of 10

Answer Stats

LettersWord% Correct
28Antidisestablishmentarianism
60%
36Hippopotomonstrosesquippedaliophobia
60%
34Supercalifragilisticexpialidocious
60%
29Floccinaucinihilipilification
40%
21Incomprehensibilities
40%
45Pneumonoultramicroscopicsilicovolcanoconiosis
40%
30Pseudopseudohypoparathyroidism
40%
23Dichlorodifluoromethane
20%
27Honorificabilitudinitatibus
20%
25Thyroparathyroidectomized
20%

Score Distribution

Percentile by Number Answered

Percent of People with Each Score

Your Score History

You have not taken this quiz